[Event "EIRCC 2019"]
[Site "Tallinn"]
[Date "2019.12.05"]
[Round "2.31"]
[White "Mustaps, Matiss"]
[Black "Antoms, Guntars"]
[Result "1-0"]
[WhiteElo "2435"]
[BlackElo "2118"]
[Annotator "NA"]
[PlyCount "73"]
[EventDate "2019.12.05"]
[EventType "swiss"]
[EventCountry "EST"]
[SourceTitle "playchess.com"]
[Source "ChessBase"]
[SourceQuality "1"]
[TimeControl "900+10"]

1. e4 {[%emt 0:00:07]} d5 {[%emt 0:00:00]} 2. exd5 {[%emt 0:00:01]} Qxd5 {[%emt 0:00:00]} 3. Nc3 {[%emt 0:00:01]} Qa5 {[%emt 0:00:00]} 4. d4 {[%emt 0:00:01]} Nf6 {[%emt 0:00:00]} 5. Nf3 Nc6 6. d5 {[%emt 0:00:17]} Nb4 {[%emt 0:00:09]} 7. Bb5+ {[%emt 0:00:01]} c6 {[%emt 0:00:23]} 8. dxc6 {[%emt 0:00:25]} bxc6 {[%emt 0:00:00]} 9. Ba4 {[%emt 0:00:00]} Ne4 {[%emt 0:03:15]} 10. a3 {[%emt 0:02:56]} Nxc3 {[%emt 0:00:30]} 11. axb4 {[%emt 0:00:01]} Qxa4 12. Rxa4 {[%emt 0:00:02]} Nxd1 {[%emt 0:00:10]} 13. Kxd1 {[%emt 0:00:01]} Bg4 {[%emt 0:00:24]} 14. Be3 {[%emt 0:00:13]} e6 {[%emt 0:03:34]} 15. c3 {[%emt 0:00:12]} Bd6 {[%emt 0:00:47]} 16. Ke2 {[%emt 0:00:34]} O-O {[%emt 0:00:17]} 17. h3 {[%emt 0:00:33]} Bh5 {[%emt 0:00:09]} 18. Rd1 {[%emt 0:01:23]} Bc7 {[%emt 0:00:56]} 19. Rd7 {[%emt 0:01:47]} Bb6 {[%emt 0:00:02]} 20. Bxb6 {[%emt 0:00:03]} axb6 {[%emt 0:00:01]} 21. Rxa8 {[%emt 0:00:01]} Rxa8 {[%emt 0:00:01]} 22. Rc7 {[%emt 0:00:18]} h6 {[%emt 0:00:19]} 23. g4 {[%emt 0:00:23]} Bg6 {[%emt 0:00:01]} 24. Ne5 {[%emt 0:00:02]} Ra2 {[%emt 0:00:14]} 25. Nxg6 {[%emt 0:00:06]} Rxb2+ {[%emt 0:00:03]} 26. Ke3 {[%emt 0:00:02]} fxg6 {[%emt 0:00:04]} 27. Rxc6 {[%emt 0:00:01]} Rc2 {[%emt 0:01:00]} 28. Kd3 {[%emt 0:00:44]} Rxf2 {[%emt 0:00:03]} 29. Rxb6 {[%emt 0:00:01]} Rf3+ {[%emt 0:00:04]} 30. Kc4 {[%emt 0:00:50]} Rxh3 {[%emt 0:00:03]} 31. Rxe6 {[%emt 0:00:03]} Rg3 {[%emt 0:00:06]} 32. b5 {[%emt 0:00:09]} Rxg4+ {[%emt 0:00:01]} 33. Kc5 {[%emt 0:00:14]} Rg5+ {[%emt 0:00:28]} 34. Kc6 {[%emt 0:00:13]} Rg1 {[%emt 0:00:02]} 35. b6 {[%emt 0:01:24]} Kf7 {[%emt 0:00:10]} 36. Re4 {[%emt 0:00:08]} Rc1 {[%emt 0:00:21]} 37. Rc4 {[%emt 0:00:01]} 1-0

[Event "EIRCC 2019"]
[Site "Tallinn"]
[Date "2019.12.05"]
[Round "2.32"]
[White "Siemer, Tambet"]
[Black "Cerveny, Martin"]
[Result "0-1"]
[WhiteElo "2128"]
[BlackElo "2432"]
[Annotator "NA"]
[PlyCount "72"]
[EventDate "2019.12.05"]
[EventType "swiss"]
[EventCountry "EST"]
[SourceTitle "playchess.com"]
[Source "ChessBase"]
[SourceQuality "1"]
[TimeControl "900+10"]

1. d4 {[%emt 0:00:00]} d5 {[%emt 0:00:00]} 2. c4 {[%emt 0:00:00]} c6 {[%emt 0:00:00]} 3. cxd5 {[%emt 0:00:12]} cxd5 {[%emt 0:00:00]} 4. Nc3 {[%emt 0:00:04]} Nc6 {[%emt 0:00:00]} 5. Nf3 {[%emt 0:00:17]} Nf6 {[%emt 0:00:00]} 6. Bf4 {[%emt 0:00:56]} Bf5 {[%emt 0:00:00]} 7. e3 {[%emt 0:00:12]} e6 {[%emt 0:00:00]} 8. Ne5 {[%emt 0:02:11]} Nxe5 {[%emt 0:01:49]} 9. Bxe5 {[%emt 0:00:29]} Nd7 {[%emt 0:00:02]} 10. Qb3 {[%emt 0:03:08]} Qb6 {[%emt 0:00:30]} 11. Bb5 {[%emt 0:00:16]} Kd8 {[%emt 0:03:03]} 12. Qa4 {[%emt 0:02:36]} Nxe5 {[%emt 0:00:34]} 13. dxe5 {[%emt 0:00:01]} Bc5 {[%emt 0:01:15]} 14. O-O {[%emt 0:00:32]} a6 {[%emt 0:01:04]} 15. b4 {[%emt 0:01:15]} Bxe3 {[%emt 0:00:52]} 16. Nxd5 {[%emt 0:00:27]} exd5 {[%emt 0:00:04]} 17. fxe3 {[%emt 0:00:05]} Be6 {[%emt 0:00:21]} 18. Be2 {[%emt 0:01:03]} Qxe3+ {[%emt 0:00:10]} 19. Rf2 {[%emt 0:00:00]} Qxe5 {[%emt 0:00:02]} 20. Rd1 {[%emt 0:00:05]} Ke7 {[%emt 0:00:10]} 21. Bf3 {[%emt 0:00:34]} Rhd8 {[%emt 0:00:30]} 22. Re2 {[%emt 0:00:26]} Qc3 {[%emt 0:01:12]} 23. Bxd5 {[%emt 0:01:08]} b5 {[%emt 0:00:26]} 24. Qb3 {[%emt 0:00:18]} Qxb3 {[%emt 0:00:11]} 25. Bxb3 {[%emt 0:00:01]} Rxd1+ {[%emt 0:00:03]} 26. Bxd1 {[%emt 0:00:01]} Rd8 {[%emt 0:00:12]} 27. Bb3 {[%emt 0:00:02]} Rd4 {[%emt 0:00:11]} 28. a3 {[%emt 0:00:21]} Rd3 {[%emt 0:00:05]} 29. Bxe6 {[%emt 0:00:10]} fxe6 30. a4 bxa4 {[%emt 0:00:17]} 31. Re5 {[%emt 0:00:01]} Rd5 32. Re2 {[%emt 0:02:09]} a3 {[%emt 0:00:25]} 33. Ra2 {[%emt 0:00:11]} Rd3 {[%emt 0:00:02]} 34. Kf1 {[%emt 0:00:02]} Rb3 {[%emt 0:00:01]} 35. Ke1 {[%emt 0:00:02]} Kd6 {[%emt 0:00:43]} 36. Kd1 {[%emt 0:00:03]} Kd5 {[%emt 0:00:05]} 0-1

[Event "EIRCC 2019"]
[Site "Tallinn"]
[Date "2019.12.05"]
[Round "2.33"]
[White "Usmanov, Vasily"]
[Black "Player, Edmund C"]
[Result "1-0"]
[WhiteElo "2428"]
[BlackElo "2117"]
[Annotator "NA"]
[PlyCount "99"]
[EventDate "2019.12.05"]
[EventType "swiss"]
[EventCountry "EST"]
[SourceTitle "playchess.com"]
[Source "ChessBase"]
[SourceQuality "1"]
[TimeControl "900+10"]

1. Nf3 {[%emt 0:00:00]} d5 {[%emt 0:00:00]} 2. e3 {[%emt 0:00:00]} Bg4 {[%emt 0:00:53]} 3. c4 {[%emt 0:00:00]} e6 {[%emt 0:04:55]} 4. cxd5 {[%emt 0:02:27]} Bxf3 {[%emt 0:02:20]} 5. gxf3 {[%emt 0:02:29]} exd5 {[%emt 0:00:02]} 6. Qb3 {[%emt 0:00:57]} b6 {[%emt 0:00:25]} 7. Nc3 {[%emt 0:02:54]} Nf6 {[%emt 0:00:53]} 8. Rg1 {[%emt 0:00:07]} g6 {[%emt 0:00:35]} 9. d4 {[%emt 0:00:46]} Bg7 {[%emt 0:00:13]} 10. Rg5 {[%emt 0:00:08]} c6 {[%emt 0:00:38]} 11. Qa3 {[%emt 0:00:54]} Nbd7 {[%emt 0:01:51]} 12. Ba6 {[%emt 0:00:03]} Qc7 {[%emt 0:00:32]} 13. Bd2 {[%emt 0:00:09]} Bf8 {[%emt 0:00:24]} 14. Qb3 {[%emt 0:00:20]} Bd6 {[%emt 0:00:26]} 15. Rc1 {[%emt 0:00:11]} Qb8 {[%emt 0:01:12]} 16. Na4 {[%emt 0:02:09]} b5 {[%emt 0:00:39]} 17. Rxc6 {[%emt 0:00:39]} bxa4 {[%emt 0:00:01]} 18. Qxb8+ {[%emt 0:00:05]} Rxb8 {[%emt 0:00:07]} 19. Rxd6 {[%emt 0:00:01]} h6 {[%emt 0:00:45]} 20. Rgxd5 {[%emt 0:00:49]} Nxd5 {[%emt 0:00:28]} 21. Rxd5 {[%emt 0:00:01]} Nb6 {[%emt 0:00:42]} 22. Re5+ {[%emt 0:00:09]} Kf8 {[%emt 0:00:02]} 23. Bc3 {[%emt 0:00:45]} Rd8 {[%emt 0:00:09]} 24. e4 {[%emt 0:00:19]} Kg7 {[%emt 0:00:29]} 25. d5 {[%emt 0:00:03]} Kh7 {[%emt 0:00:04]} 26. Re7 {[%emt 0:00:03]} Rd7 {[%emt 0:00:02]} 27. Rxd7 {[%emt 0:00:04]} Nxd7 {[%emt 0:00:04]} 28. Bxh8 {[%emt 0:00:02]} Kxh8 {[%emt 0:00:01]} 29. Bb5 {[%emt 0:00:12]} Nc5 {[%emt 0:00:03]} 30. d6 {[%emt 0:00:15]} Kg7 {[%emt 0:00:01]} 31. Bxa4 {[%emt 0:01:22]} Kf6 {[%emt 0:00:12]} 32. Bb3 {[%emt 0:00:47]} g5 {[%emt 0:00:53]} 33. Kd2 {[%emt 0:00:17]} Nd7 {[%emt 0:00:17]} 34. Ke3 {[%emt 0:00:08]} Ke5 {[%emt 0:00:09]} 35. Bxf7 {[%emt 0:00:03]} Kxd6 {[%emt 0:00:01]} 36. f4 {[%emt 0:00:16]} gxf4+ {[%emt 0:00:06]} 37. Kxf4 {[%emt 0:00:01]} Ne5 {[%emt 0:00:00]} 38. Bb3 {[%emt 0:00:02]} Nd3+ {[%emt 0:00:02]} 39. Ke3 {[%emt 0:00:01]} Ne5 {[%emt 0:00:22]} 40. f4 {[%emt 0:00:38]} Ng4+ {[%emt 0:00:03]} 41. Kd4 {[%emt 0:00:19]} Nxh2 {[%emt 0:00:08]} 42. e5+ {[%emt 0:00:01]} Ke7 {[%emt 0:00:04]} 43. Bd1 {[%emt 0:00:06]} Nf1 {[%emt 0:00:03]} 44. f5 {[%emt 0:00:03]} Ng3 {[%emt 0:00:07]} 45. f6+ {[%emt 0:00:02]} Kf7 {[%emt 0:00:18]} 46. Bb3+ {[%emt 0:00:10]} Kg6 {[%emt 0:00:01]} 47. Bc2+ {[%emt 0:00:01]} Kf7 {[%emt 0:00:04]} 48. Kd5 {[%emt 0:00:34]} h5 {[%emt 0:00:13]} 49. Kd6 {[%emt 0:00:02]} h4 {[%emt 0:00:03]} 50. e6+ {[%emt 0:00:07]} 1-0

[Event "EIRCC 2019"]
[Site "Tallinn"]
[Date "2019.12.05"]
[Round "2.34"]
[White "Grewenig, Jan"]
[Black "Mohr, Georg"]
[Result "1-0"]
[WhiteElo "2122"]
[BlackElo "2424"]
[Annotator "NA"]
[PlyCount "65"]
[EventDate "2019.12.05"]
[EventType "swiss"]
[EventCountry "EST"]
[SourceTitle "playchess.com"]
[Source "ChessBase"]
[SourceQuality "1"]
[TimeControl "900+10"]

1. e4 {[%emt 0:00:00]} Nc6 {[%emt 0:00:14]} 2. Nf3 {[%emt 0:00:25]} d6 {[%emt 0:00:02]} 3. d4 {[%emt 0:00:31]} Nf6 {[%emt 0:00:04]} 4. Nc3 {[%emt 0:00:03]} Bg4 {[%emt 0:00:02]} 5. Bb5 {[%emt 0:00:42]} a6 {[%emt 0:00:05]} 6. Bxc6+ {[%emt 0:00:04]} bxc6 {[%emt 0:00:02]} 7. h3 {[%emt 0:00:02]} Bh5 {[%emt 0:00:34]} 8. g4 {[%emt 0:01:35]} Bg6 {[%emt 0:00:02]} 9. Qe2 {[%emt 0:00:03]} e6 {[%emt 0:02:24]} 10. Nh4 {[%emt 0:01:54]} d5 {[%emt 0:03:56]} 11. Nxg6 {[%emt 0:03:05]} hxg6 {[%emt 0:00:04]} 12. Bg5 {[%emt 0:02:25]} Be7 {[%emt 0:01:15]} 13. Bxf6 {[%emt 0:01:18]} Bxf6 {[%emt 0:01:12]} 14. O-O-O {[%emt 0:02:01]} Qd6 {[%emt 0:03:42]} 15. a3 {[%emt 0:01:23]} Qf4+ {[%emt 0:01:00]} 16. Kb1 {[%emt 0:00:02]} Kd7 {[%emt 0:01:15]} 17. Rd3 {[%emt 0:00:16]} Qg5 {[%emt 0:00:50]} 18. f4 {[%emt 0:01:10]} Qh4 {[%emt 0:00:36]} 19. Na4 {[%emt 0:00:16]} Be7 {[%emt 0:00:03]} 20. c4 {[%emt 0:00:06]} dxe4 {[%emt 0:00:18]} 21. Qxe4 {[%emt 0:00:06]} Qf2 {[%emt 0:00:19]} 22. Nc5+ {[%emt 0:00:48]} Bxc5 {[%emt 0:00:00]} 23. dxc5+ {[%emt 0:00:01]} Ke7 {[%emt 0:00:06]} 24. Qxc6 {[%emt 0:00:02]} Rhd8 {[%emt 0:00:07]} 25. Qxc7+ {[%emt 0:00:04]} Ke8 26. Rhd1 {[%emt 0:00:26]} Rdc8 {[%emt 0:00:44]} 27. Qe5 {[%emt 0:00:03]} Rab8 {[%emt 0:00:05]} 28. Qxg7 {[%emt 0:00:16]} Qxf4 {[%emt 0:00:08]} 29. Qg8+ {[%emt 0:00:14]} Ke7 {[%emt 0:00:01]} 30. Rd7+ {[%emt 0:00:01]} Kf6 {[%emt 0:00:00]} 31. Qxf7+ {[%emt 0:00:31]} Kg5 {[%emt 0:00:01]} 32. Qe7+ {[%emt 0:00:06]} Kh6 {[%emt 0:00:13]} 33. Qh4# {[%emt 0:00:02]} 1-0

[Event "EIRCC 2019"]
[Site "Tallinn"]
[Date "2019.12.05"]
[Round "2.35"]
[White "Pohjala, Henri"]
[Black "Dumcheva, Julia"]
[Result "1-0"]
[WhiteElo "2418"]
[BlackElo "2113"]
[Annotator "RC"]
[PlyCount "77"]
[EventDate "2019.12.05"]
[EventType "swiss"]
[EventCountry "EST"]
[SourceTitle "playchess.com"]
[Source "ChessBase"]
[SourceQuality "1"]
[TimeControl "900+10"]

1. d4 {[%emt 0:00:00]} Nf6 {[%emt 0:00:00]} 2. Bg5 {[%emt 0:00:00]} Ne4 {[%emt 0:00:16]} 3. Bf4 {[%emt 0:00:00]} d5 {[%emt 0:00:21]} 4. e3 {[%emt 0:00:04]} f5 {[%emt 0:00:25]} 5. Bd3 {[%emt 0:02:47]} Nf6 {[%emt 0:01:25]} 6. Nf3 {[%emt 0:03:11]} e6 {[%emt 0:00:13]} 7. O-O {[%emt 0:01:25]} Be7 {[%emt 0:00:23]} 8. Nbd2 {[%emt 0:02:24]} O-O {[%emt 0:00:10]} 9. Ne5 {[%emt 0:00:31]} Nbd7 {[%emt 0:00:29]} 10. Bg3 {[%emt 0:01:10]} c5 {[%emt 0:00:42]} 11. c3 {[%emt 0:00:08]} Nxe5 {[%emt 0:01:09]} 12. Bxe5 {[%emt 0:00:07]} b6 {[%emt 0:00:30]} 13. Qe2 {[%emt 0:00:24]} a5 {[%emt 0:00:13]} 14. Kh1 {[%emt 0:00:28]} Bd6 {[%emt 0:01:13]} 15. Bxd6 {[%emt 0:00:33]} Qxd6 {[%emt 0:00:02]} 16. f4 {[%emt 0:00:03]} c4 {[%emt 0:00:23]} 17. Bc2 {[%emt 0:00:11]} b5 {[%emt 0:00:05]} 18. Nf3 {[%emt 0:00:39]} b4 {[%emt 0:00:17]} 19. a3 {[%emt 0:00:19]} Bd7 {[%emt 0:00:52]} 20. Ne5 {[%emt 0:00:08]} Rfb8 {[%emt 0:00:24]} 21. g4 {[%emt 0:01:11]} bxc3 {[%emt 0:00:16]} 22. bxc3 {[%emt 0:00:02]} Rb2 {[%emt 0:00:06]} 23. gxf5 {[%emt 0:00:37]} exf5 {[%emt 0:00:28]} 24. Rfb1 {[%emt 0:01:00]} Rab8 {[%emt 0:00:04]} 25. Qd1 {[%emt 0:00:29]} Ne4 {[%emt 0:02:46]} 26. Qc1 {[%emt 0:00:01]} Rxb1 {[%emt 0:00:15]} 27. Rxb1 {[%emt 0:00:02]} Be8 {[%emt 0:00:56]} 28. Rxb8 {[%emt 0:01:11]} Qxb8 {[%emt 0:00:01]} 29. Bxe4 {[%emt 0:00:06]} fxe4 {[%emt 0:00:04]} 30. f5 {[%emt 0:00:01]} Qb6 {[%emt 0:00:55]} 31. Qf1 {[%emt 0:00:28]} Qh6 {[%emt 0:00:41]} 32. Qf2 {[%emt 0:00:21]} Qg5 {[%emt 0:00:11]} 33. h4 {[%emt 0:00:14]} Qh5 {[%emt 0:01:03]} 34. Kh2 {[%emt 0:00:02]} Qd1 {[%emt 0:00:12]} 35. Kg3 {[%emt 0:00:18]} Qc1 {[%emt 0:00:15]} 36. f6 {[%emt 0:00:09]} gxf6 {[%emt 0:00:03]} 37. Ng4 {[%emt 0:00:01]} f5 {[%emt 0:00:51]} 38. Qxf5 {[%emt 0:00:15]} Bf7 {[%emt 0:00:44]} 39. Nh6+ {[%emt 0:00:07]} 1-0

[Event "EIRCC 2019"]
[Site "Tallinn"]
[Date "2019.12.05"]
[Round "2.36"]
[White "D`costa, Lorin"]
[Black "Bossy, Arnim"]
[Result "0-1"]
[WhiteElo "2407"]
[BlackElo "2108"]
[Annotator "NA"]
[PlyCount "68"]
[EventDate "2019.12.05"]
[EventType "swiss"]
[EventCountry "EST"]
[SourceTitle "playchess.com"]
[Source "ChessBase"]
[SourceQuality "1"]
[TimeControl "900+10"]

1. d4 {[%emt 0:00:00]} f5 {[%emt 0:00:07]} 2. Bg5 {[%emt 0:00:24]} g6 {[%emt 0:00:08]} 3. Nc3 {[%emt 0:00:15]} Bg7 {[%emt 0:00:05]} 4. h4 {[%emt 0:00:05]} h6 {[%emt 0:00:05]} 5. Bf4 {[%emt 0:00:03]} Nf6 {[%emt 0:00:01]} 6. Qd2 {[%emt 0:00:25]} d6 {[%emt 0:01:36]} 7. O-O-O {[%emt 0:00:45]} Nc6 {[%emt 0:00:50]} 8. e3 {[%emt 0:01:20]} e6 {[%emt 0:00:19]} 9. Kb1 {[%emt 0:02:38]} Qe7 {[%emt 0:00:09]} 10. f3 {[%emt 0:02:02]} Bd7 {[%emt 0:02:51]} 11. Bg3 {[%emt 0:00:21]} e5 {[%emt 0:03:32]} 12. Nge2 {[%emt 0:01:46]} a6 {[%emt 0:00:59]} 13. Nc1 {[%emt 0:01:17]} O-O-O {[%emt 0:00:48]} 14. Bf2 {[%emt 0:00:34]} Kb8 {[%emt 0:00:46]} 15. Bc4 {[%emt 0:00:40]} Ka8 {[%emt 0:01:52]} 16. Rhe1 {[%emt 0:00:50]} e4 {[%emt 0:00:07]} 17. a3 {[%emt 0:00:35]} Bc8 {[%emt 0:00:13]} 18. Nd5 {[%emt 0:00:27]} Nxd5 {[%emt 0:00:21]} 19. Bxd5 {[%emt 0:00:01]} Bd7 {[%emt 0:00:09]} 20. Na2 {[%emt 0:01:24]} Qe8 {[%emt 0:00:28]} 21. Nc3 {[%emt 0:00:24]} exf3 {[%emt 0:00:20]} 22. gxf3 {[%emt 0:00:01]} Ne7 {[%emt 0:00:40]} 23. Bb3 {[%emt 0:00:03]} Ng8 {[%emt 0:00:07]} 24. e4 {[%emt 0:00:10]} fxe4 {[%emt 0:00:01]} 25. fxe4 {[%emt 0:00:06]} Nf6 {[%emt 0:00:05]} 26. Bg1 {[%emt 0:00:53]} Ng4 {[%emt 0:00:06]} 27. Nd5 {[%emt 0:00:07]} Kb8 {[%emt 0:00:07]} 28. Qa5 {[%emt 0:00:07]} Rc8 {[%emt 0:00:13]} 29. Nb4 {[%emt 0:00:24]} Rd8 {[%emt 0:00:13]} 30. e5 {[%emt 0:00:49]} dxe5 {[%emt 0:00:35]} 31. dxe5 {[%emt 0:00:01]} Bb5 {[%emt 0:01:04]} 32. a4 {[%emt 0:00:20]} Rxd1+ {[%emt 0:00:11]} 33. Rxd1 {[%emt 0:00:01]} Qxe5 {[%emt 0:00:02]} 34. c3 {[%emt 0:00:42]} Bd3+ {[%emt 0:00:14]} 0-1

[Event "EIRCC 2019"]
[Site "Tallinn"]
[Date "2019.12.05"]
[Round "3.1"]
[White "Duzhakov, Ilya"]
[Black "Sargissian, Gabriel"]
[Result "0-1"]
[WhiteElo "2351"]
[BlackElo "2715"]
[Annotator "TA"]
[PlyCount "84"]
[EventDate "2019.12.05"]
[EventType "swiss"]
[EventCountry "EST"]
[SourceTitle "playchess.com"]
[Source "ChessBase"]
[SourceQuality "1"]

{[%evp 25,84,0,0,0,0,0,28,28,29,-24,-27,-22,0,-67,-67,-66,-49,-113,-66,-68,-56,-77,-79,-64,-37,-82,-83,-78,-78,-62,-25,-45,-47,-137,-133,-279,-286,-466,-464,-434,-450,-432,-449,-604,-623,-632,-482,-681,-620,-618,-594,-29989,-981,-2525,-2456,-29980,-29981,-29989,-29985,-29965,-6111]} 1. d4 Nf6 2. c4 e6 3. Nf3 d5 4. g3 Bb4+ 5. Bd2 Be7 6. Bg2 O-O 7. O-O Nbd7 8. Qc2 c6 9. Rd1 b6 10. Bf4 Ba6 11. b3 Rc8 12. Nc3 h6 13. e4 dxc4 14. Nd2 {E15: Queen's Indian: 4 g3 sidelines, 4 g3 Ba6 and 4 g3 Bb7 early deviations} g5 (14... b5 15. bxc4 bxc4 16. Na4 g5 17. Be3 Ng4 18. Nf1 Qc7 19. Bd2 c5 20. d5 Nde5 21. h3 Nf6 {½-½ (72) Bareev,E (2666)-Vidit,S (2711) Batumi 2018}) 15. Be3 Ng4 16. Nxc4 {White has an edge.} b5 {[#]} 17. Nb2 $146 (17. Qe2 $142) ({Predecessor:} 17. h3 Nxf2 18. Bxf2 bxc4 19. Na4 cxb3 20. axb3 Bb5 21. Nc3 a5 22. e5 {½-½ (22) Izoria,Z (2569)-Kritz,L (2468) Nakhchivan 2003}) 17... Nxe3 $11 18. fxe3 b4 19. Ne2 (19. Nca4 $11) 19... c5 $36 {[%mdl 2048] Hoping for ...cxd4. Black has the initiative.} 20. d5 {With the idea dxe6.} exd5 21. exd5 (21. Rxd5 $15 Bb7 22. Rd2) 21... Bd6 (21... Bf6 {is more complex.} 22. Kh1 Re8 23. e4 Qb6 24. Ng1 c4) 22. Nc4 Bxc4 23. bxc4 {[#]} Qe7 $1 24. e4 Rce8 25. Rf1 f5 $1 26. Rae1 fxe4 27. Rxf8+ Nxf8 28. Nc1 {[%cal Re1e4]} e3 29. Ne2 (29. Bf3 $15) 29... Kg7 $17 30. g4 (30. Nc1 $17) 30... Ng6 $19 31. Ng3 $2 (31. Qb2+ {keeps fighting.} Be5 32. Qb3) 31... Bxg3 $1 32. hxg3 Qe5 33. Kh2 Qc3 34. Qd1 Ne5 35. d6 Qd4 36. Qa4 (36. Qe2 $142 Qxc4 37. Kh3) 36... Nxg4+ 37. Kh1 Rf8 38. d7 Rf7 (38... Qd2 $142 39. Qd1 Nf2+ {[%mdl 64] Double Attack} 40. Kh2 Nxd1 41. Rg1 e2 42. a4 bxa3 43. d8=B Rxd8 44. Rh1 Rd3 45. Rg1 {[#]} Rxg3 $1 {[%mdl 512]} 46. Bh3 e1=N+ 47. Bg2 Rxg2+ 48. Rxg2 Qxg2#) 39. Qxa7 Rxd7 40. Qb6 Re7 {Black mates.} 41. Qc6 e2 42. Qf3 Qf2 {Accuracy: White = 29%, Black = 67%.} 0-1

[Event "EIRCC 2019"]
[Site "Tallinn"]
[Date "2019.12.05"]
[Round "3.2"]
[White "Motylev, Alexander"]
[Black "Shishkov, Andrei"]
[Result "1-0"]
[WhiteElo "2703"]
[BlackElo "2352"]
[Annotator "TA"]
[PlyCount "115"]
[EventDate "2019.12.05"]
[EventType "swiss"]
[EventCountry "EST"]
[SourceTitle "playchess.com"]
[Source "ChessBase"]
[SourceQuality "1"]

{[%evp 15,115,43,45,56,38,41,41,51,55,41,51,38,75,82,138,112,121,114,111,94,102,97,139,123,164,151,157,147,149,141,139,148,150,152,139,139,147,153,180,183,165,121,131,121,122,118,116,125,127,106,129,97,225,220,327,339,339,325,343,340,397,383,367,322,542,519,525,507,494,485,548,537,560,554,554,539,611,600,641,633,660,583,589,576,627,470,731,721,1195,1118,877,983,1232,641,796,664,945,938,1749,1308,12832,12830]} 1. e4 d5 2. exd5 Nf6 3. Nf3 Nxd5 4. d4 Bg4 5. Be2 Nc6 6. h3 Bh5 7. O-O e6 8. c4 Nb6 9. Nc3 {B01: Scandinavian Defence} (9. Be3 Bxf3 10. Bxf3 Nxc4 11. Qa4 Nb6 12. Bxc6+ bxc6 13. Qxc6+ Qd7 14. Qf3 Bd6 15. Nc3 O-O 16. Rac1 Rfb8 {1-0 (28) Volokitin,A (2636)-Shishkov,A (2390) Riga 2019}) 9... Be7 10. b3 Bxf3 11. Bxf3 {White is slightly better.} Nxd4 12. Bxb7 Rb8 13. Be3 Rxb7 $146 ({Predecessor:} 13... c5 14. Be4 f5 15. Bxd4 cxd4 16. Bc6+ Kf7 {0-1 (45) Motyl,T (2070)-Biolek,R (2454) Litomysl 2005}) 14. Bxd4 {Hoping for Qf3.} O-O (14... Bf6 $142 15. Bxf6 Qxf6) 15. Qg4 $36 {[%csl Gd4][%cal Rg4g7][%mdl 2048] Keeping Black busy.} Bf6 16. Rad1 {And now Bxb6 would win.} Bxd4 17. Rxd4 Qe7 18. Rfd1 c5 19. R4d3 Rd7 20. Rxd7 Nxd7 21. Qg3 Rc8 22. Qd6 $1 {[%cal Rd6e7]} Qxd6 23. Rxd6 $16 {[%mdl 4096] Endgame KRN-KRN} Nb8 24. Nb5 Nc6 25. Rd7 a6 26. Na7 Ne5 27. Rd6 ({And not} 27. Nxc8 Nxd7 28. a3 f5 $11) 27... Ra8 28. Rxa6 Kf8 29. Ra5 Nd3 30. Kf1 e5 31. g3 f5 32. Ke2 e4 33. Ke3 Kf7 {[#]} (33... g6 $16) 34. Nc6 $1 $18 Rc8 (34... Rxa5 $142 35. Nxa5 Nb4) 35. Ra7+ Ke6 {[#]} 36. Ne7 $1 {[%cal Re7c8]} Rh8 37. Nd5 g5 38. Ra6+ Kd7 39. f3 Nc1 $2 (39... Nb4 {was called for.}) 40. fxe4 {White is clearly winning.} fxe4 41. Nf6+ Kc7 42. Ra5 Kb6 43. Rb5+ Kc6 44. Nxe4 {[%mdl 64] Double Attack} Nxa2 45. Rxc5+ Kb6 46. Rxg5 Re8 47. Kd4 Nc1 48. Rb5+ Kc6 49. Nc3 Re1 50. Rc5+ Kd6 (50... Kb7 $142 51. Rb5+ Kc8) 51. Rd5+ Kc6 52. b4 {[%cal Bb3b4,Bb4b5,Bb5b6,Bb6b7][%mdl 32]} Nb3+ 53. Kd3 Rf1 54. b5+ Kc7 55. Ne4 Rc1 {[#]} 56. b6+ $1 Kc6 {[#]} (56... Kxb6 57. Rb5+) 57. b7 $1 Rd1+ (57... Kxb7 58. Rb5+) 58. Kc3 {Accuracy: White = 73%, Black = 42%.} 1-0